|
|
|
|
| LEADER |
00000ny a22000003n 4500 |
| 005 |
20110509130828.0 |
| 008 |
090130s1995 hiu n s 000 b0eng c |
| 035 |
|
|
|a 2530
|
| 040 |
|
|
|a UMA.RE
|d vlex
|
| 080 |
|
|
|a 351.84(051)(0.034)
|
| 090 |
|
|
|c 1454
|d 1454
|
| 245 |
0 |
0 |
|a Social Security Bulletin
|h [Recurso electrn̤ico]
|
| 256 |
|
|
|a Servicio en ln̕ea
|
| 260 |
|
|
|a Kaneohe, (Hawai) :
|b LLMC,
|
| 310 |
|
|
|a Irregular
|
| 506 |
1 |
|
|a Contenido solo disponible en los productos indicados
|d vLex Global
|d vLex Global (Academic Edition, excluding Law Schools)
|d vLex Global (U.S. Academic Edition, Law Schools)
|d vLex Global (U.S. Academic Edition, excluding Law Schools)
|d vLex Global (Academic Edition, Law Schools)
|
| 650 |
0 |
4 |
|a Seguridad Social
|x Publicaciones perid̤icas
|
| 740 |
0 |
|
|a vLex Revista (Servicios en ln̕ea)
|
| 853 |
|
|
|8 1
|i (year)
|j (month)
|k (day)
|
| 856 |
4 |
0 |
|u http://vlex.com/source/2530
|z Acceso restringido
|
| 942 |
|
|
|c REV
|